| 000 | 01189 a2200193 4500 | ||
|---|---|---|---|
| 003 | NUST | ||
| 005 | 20230706140507.0 | ||
| 040 | _cNUST | ||
| 082 | _a515.3,MAR | ||
| 100 |
_aShanti Narayan _910406 |
||
| 245 |
_aDifferential Calculus: _bfor B.A & B.Sc students / _cShanti Narayan |
||
| 250 | _a11th ed. | ||
| 260 |
_aNew Delhi _bS.Chand _c1964 |
||
| 300 | _ax,408p.; | ||
| 505 | _aReal Numbers, Variables, Functions (Page-1), Some Important Classes Of Functions And Their Graphs (Page-18), Continuity And Limit (Page-37), Differentiation (Page-72), Successive Differentiation (Page-113), General Theorems (Page-130), Maxima And Minima, Greatest And Least Values (Page-148), Evaluation Of Limits (Page-165), Taylor’s Infinite Series (Page-179), Functions Of Two Variables (Page-193), Some Important Curves (Page-238), Tangents And Normals (Page-254), Derivative Of Arcs (Page-274), Concavity, Convexity, Inflexion (Page-281), Curvature, Evolutes (Page-292), Asymptotes (Page-313), Singular Points, Multiple Points (Page-335), Curve Tracing (Page-348), Envelopes (Page-369). | ||
| 600 |
_aShanti Narayan _910406 |
||
| 650 |
_aDifferential Equations _9688 |
||
| 942 |
_2ddc _cBK _k515.3,NAR |
||
| 999 |
_c181881 _d181881 |
||